| 000 | 00521nam a2200229Ia 4500 | ||
|---|---|---|---|
| 003 | OSt | ||
| 005 | 20221005115156.0 | ||
| 006 | a|||||r|||| 00| 0 | ||
| 007 | ta | ||
| 008 | 221004b |||||||| |||| 00| 0 eng d | ||
| 024 | _a51333 | ||
| 037 | _cTextual | ||
| 040 |
_aCRL _cCRL _beng |
||
| 041 |
_2eng _aeng |
||
| 082 | _aQ4.41, B4 | ||
| 100 | _aBeal S | ||
| 245 | 0 | _aBuddhism in China | |
| 260 | _c1884 | ||
| 650 | _aRELIGION | ||
| 942 |
_hQ4.41, B4 _cTEXL _2cc |
||
| 999 |
_c1033651 _d1033651 |
||